| 000 | 00622nam a2200229Ia 4500 | ||
|---|---|---|---|
| 003 | OSt | ||
| 005 | 20230515154456.0 | ||
| 008 | 210423s2011 xx 000 0 und d | ||
| 020 | _a978-81-8489-354-0 | ||
| 040 | _cAL | ||
| 041 | _aeng | ||
| 082 | _a628.55 SINB | ||
| 100 |
_aSINGH (Ajay);WARD (Owen P) Ed _9104445 |
||
| 245 | _aBiodegradation and bioremediation | ||
| 260 |
_aNew Delhi _bSpringer Verlag _c2011 |
||
| 300 |
_axvii,309 _bPB |
||
| 365 |
_b1095 _cINR |
||
| 650 |
_aEngineering _9104446 |
||
| 650 |
_aEnvironmental Engineering _9104447 |
||
| 906 | _aBiodegradation ; bioremediation | ||
| 942 |
_2ddc _cBK |
||
| 999 |
_c166229 _d166229 |
||